000 00358nam a2200133Ia 4500
008 240624s9999 xx 000 0 und d
041 _aeng
082 _a338.274 DUN
100 _aDUNSBY ADAM
245 _aCOMMODITY INVESTING MAXIMIZING RETURNS T
260 _c2008
_aNew Jersey
_bJohn Wiley and Sons
300 _aix, : 290 : p. : cm. ; 23
365 _c
_b30
999 _c12702
_d12702